000 01641nam a2200265 a 4500
001 000013774
005 20200929163337.0
008 091130s20uu dr ac 001 0 spa d
040 _aDO-SdBNP
_bspa
_cBNPHU
082 _a614.1
_bS245m
100 1 _aSarita Valdez, Sergio,
_d1945-
_931262
245 1 0 _aMedicina legal :
_bconceptos generales de patología forense /
_cSergio Sarita Valdez ; prólogo Francisco Domínguez Brito.
260 _aSanto Domingo. :
_bGraphic Colonial.,
_c200-?
300 _a146 p. :
_bil., retrs. ;
_c23 cm.
500 _aIncluye datos biográficos del autor en las solapas.
504 _aBibliografía : p. 145- 146
505 0 _aPrólogo
_tIntroducción
_tHistoria de la medicina legal --
_tHistoria de la medicina legal en la República Dominicana --
_tAutopsia medicoLegal --
_tCertificado de defunción --
_tCadena de la muerte --
_tMuerte y cambios postMortem --
_tTraumatología forense --
_tHeridas por instrumentos cortantes --
_tHeridas por armas de fuego --
_tLesiones causadas por la energía eléctrica --
_tLesiones térmicas --
_tMuertes por asfixia --
_tAspectos forenses del ahogado --
_tViolaciones sexuales
_tAberraciones sexuales --
_tPatología del aborto --
_tDrogas
_tPatología de drogadición
_tMuerte súbita e inesperada --
_tAspectos legales de la práctica de la medicina --
_tBibliografía.
590 _aInventariado, 2018/LP
650 4 _aMedicina legal
_zRepública Dominicana
_920403
650 4 _aMedicina legal
_xHistoria
_920404
650 4 _aPatología forense
_920406
650 4 _aAutopsia
_920405
700 1 2 _aDomínguez Brito,
_epról.
_931263
910 _aValidado. Control de calidad MFF
999 _c13386
_d13386